00353 a2200097 4500001001000000005001700010008004100027245010000068100002400168773006300192ART_2611320260410161928.0260409a 10aEl Memorándum de entendimiento con Irán como una herramienta de cooperación internacional1 aBessone, Esteban P.0 tDerechos humanosg- Año III, Nº 5 (jun. 2014)wREV22278